| 000 | 01914nms a2200493 i 4500 | ||
|---|---|---|---|
| 001 | 195448 | ||
| 003 | SpMaBN | ||
| 005 | 20250802231949.0 | ||
| 007 | co cga||||||a| | ||
| 008 | 240614d2003200usp uu p f0uuub0spa | ||
| 010 |
_ac _b1 |
||
| 015 | _aREV03 | ||
| 016 | 7 |
_abiseBNE20030052906 _2SpMaBN |
|
| 017 |
_aM 7833-2003 _bOficina Depósito Legal Madrid |
||
| 022 | 0 |
_a1696-7119 _2_u |
|
| 035 | _a(OCoLC)436801903 | ||
| 035 | _abise0000105546 | ||
| 040 |
_aSpMaBN _bspa _cSpMaBN _erdc _dES-MaACL |
||
| 080 | _a355.48(460) | ||
| 130 | 0 |
_aRevista de historia militar (DVD) _9236989 |
|
| 210 | 0 |
_aRev. hist. mil. _bDVD |
|
| 222 | 0 |
_aRevista de historia militar _bDVD |
|
| 245 | 1 | 0 |
_aRevista de historia militar _h[Recurso electrónico] |
| 260 |
_a[Madrid] : _bMinisterio de Defensa, Centro de Publicaciones, _cD.L. 2003- |
||
| 300 |
_a1 disco (DVD) ; _c12 cm |
||
| 336 |
_2rdacontent _atexto |
||
| 337 |
_2rdamedia _asin mediación |
||
| 338 |
_2rdacarrier _avolumen |
||
| 362 | 0 | _aN. 1 (1957)/n. 91 (2001)- | |
| 490 | 1 | _3Recopilación digital de publicaciones periódicas de Defensa | |
| 515 | _aDisco acumulativo | ||
| 530 | _aEdición en DVD de: Revista de historia militar = ISSN 0482-5748 | ||
| 538 | _aCaracterísticas técnicas: Pentium; 16 MB de RAM; Windows 95, 98, 2000 | ||
| 550 | _aMinisterio de Defensa. Secretaría General Técnica. Centro de Publicaciones | ||
| 651 | 7 |
_aEspaña- _xHistoria militar _9144916 |
|
| 655 | 7 |
_aRevistas _2tgfbne _9226866 |
|
| 710 | 1 |
_aEspaña. _bMinisterio de Defensa _93853 |
|
| 776 | 1 |
_iVersión impresa _w1902 _01902 _tRevista de historia militar = _xISSN 0482-5748 |
|
| 830 |
_aRecopilación digital de publicaciones periódicas de Defensa _9236991 |
||
| 852 |
_aES-MaACL _cDES _jDES-ROTATIVO-2 _9203506 |
||
| 942 |
_2udc _cDVD _n0 |
||
| 955 | _bPilar Fernández Vera | ||
| 999 |
_c195448 _d195448 |
||